Welcome to the Holygrace Academy Library

Please use search bar below to get started

TEN TUE ANIMAL RESCUES (Record no. 2761)

MARC details
000 -LEADER
fixed length control field 00396nam a22001577a 4500
020 ## - INTERNATIONAL STANDARD BOOK NUMBER
ISBN 0-590-68117-6
082 ## - DEWEY DECIMAL CLASSIFICATION NUMBER
Classification number 823
Item number BET/T
100 ## - MAIN ENTRY--AUTHOR NAME
Personal name BETANCOURT, JEANNE
245 ## - TITLE STATEMENT
Title TEN TUE ANIMAL RESCUES
Remainder of title SHORT STORY
246 ## - VARYING FORM OF TITLE
Title proper/short title TEN TUE ANIMAL RESCUES
Remainder of title SHORT STORY
260 ## - PUBLICATION, DISTRIBUTION, ETC. (IMPRINT)
Place of publication UKSCHOLASTIC INC
Name of publisher BETANCOURT, JEAANE
300 ## - PHYSICAL DESCRIPTION
Number of Pages 66
520 ## - SUMMARY, ETC.
Summary, etc SHORT STORY
650 ## - SUBJECT ADDED ENTRY--TOPICAL TERM
Topical Term SHORT STORY
942 ## - ADDED ENTRY ELEMENTS (KOHA)
Koha item type Books
Holdings
Withdrawn status Lost status Collection code Home library Current library Shelving location Date acquired Source of acquisition Full call number Accession Number Koha item type
    Fiction Main Library Main Library SHELF 4-E RCHIE & ILLUSTRATED CLASSICS 01/05/2009 Purchase 823 BET/T 03640 Books